| 000 | 00559 a2200157 4500 | ||
|---|---|---|---|
| 020 | _a0136469949 | ||
| 040 |
_aDLC _bDLC |
||
| 082 | 0 | 0 | _a005.71 |
| 100 | 1 | _aHarnedy, Sean J., | |
| 245 | 1 | 0 |
_aTotal SNMP: exploring the Simple Network Management Protocol _bexploring the Simple Network Management Protocol _cSean Harnedy. |
| 250 | _a2nd ed. | ||
| 260 |
_aUpper Saddle River, NJ : _bPrentice Hall PTR, _cc1998. |
||
| 300 |
_axx, 642 p. : _bill. ; _c24 cm. |
||
| 650 | 0 | _aSimple Network Management Protocol (Computer network protocol) | |
| 942 |
_cBK _k005.71 HAR _2ddc |
||
| 999 |
_c6369 _d6369 |
||